Capitals Ending in 'A' (A-Z) Quiz Stats

Quiz Updated Nov 2, 2012

Challenge
Share
Tweet
Embed
Score 0/16 Timer 03:00
2 Plays Today
A-Z Capital Cities Ending in 'A' % Correct
AAbuja, Accra, Addis Ababa, Andorra la Vella, Ankara, Apia, Asmara, Astana
86.2%
BBogotá, Brasília, Bratislava, Bujumbura
79.6%
LLima, Ljubljana, Luanda, Lusaka
72.9%
JJakarta, Juba
71%
OOttawa
68.7%
VValletta, Victoria, Vienna
68.3%
MManagua, Manama, Manila, Monrovia
64.4%
HHavana, Honiara
63.8%
A-Z Capital Cities Ending in 'A' % Correct
CCanberra
63.6%
DDhaka, Dodoma, Doha
60.7%
SSana'a, Sofia, Suva
58.6%
PPodgorica, Port Vila, Praia, Pretoria, Pristina
58.5%
RRiga
52.8%
TTarawa, Tegucigalpa, Tirana
50.4%
KKampala, Kinshasa
40.6%
NN'Djamena, Nicosia, Nuku'alofa
36%

You're not logged in!

Compare scores with friends on all Sporcle quizzes.
Sign Up with Email
OR
Log In

You Might Also Like...

Show Comments

Extras

Top Quizzes Today


Score Distribution

Your Account Isn't Verified!

In order to create a playlist on Sporcle, you need to verify the email address you used during registration. Go to your Sporcle Settings to finish the process.